000 00548nam a2200205Ia 4500
005 20250923144832.0
008 008 250917s9999 xx 000 0 eng d
037 _aTextual
040 _aDSWL
_beng
_cDSWL
041 _aeng
_2eng
084 _qDSWL
100 _aKannan, C.T.
_9828909
245 0 _aInteracts and inter community marriages in India
_cby C.T. Kannan
260 _aBombay
_bAlliedPublishers
_c1963
300 _ax,236p.
365 _aINR
_b16
925 _g16
942 _cTEXL
999 _c1443950
_d1443950